000 02072nam a2200349 4500
001 768714001
003 CO-MdFUSB
005 20220328102611.0
008 220121t2004 ck a|||| |||| 00| 0 spa d
020 _a[No incluye ISBN]
040 _aCO-MdFUSB
_bspa
_cCO-MdFUSB
_dCO-MdFUSBC
_erda
041 _aspa
082 _223
_a280.4098
_bB283
100 _aBartel de Graner, Judy
_eautor.
245 _aHistoria de las Asambleas de Dios de Colombia.
_f1942-1992
_b: los primeros cincuenta años.
_c/ Judy Bartel de Graner ; editado por Gilda Navarro de Guzmán
250 _aSegunda edición.
264 1 _aSanta Fe de Bogotá :
_bAsambleas de Dios,
_c[2004]
264 4 _c℗2004
300 _a484 páginas
_c; 22 cm
336 _2rdacontent
_atexto
_btxt
337 _2rdamedia
_asin mediación
_bn
338 _2rdacarrier
_avolumen
_bnc
505 _tParte I. Trasfondo histórico-Religioso de las Asambleas de Dios.
_aLa religión popular y el catolicismo romano en el contexto colombiano. -- El protestantismo en el contexto colombiano. --Los antecedentes internacionales de las Asambleas de Dios.
505 _tParte II. Historia del movimiento de las Asambleas de Dios en Colombia.
_aPrimera etapa: fundamentos de las Asambleas de Dios en Colombia: 1932-1954. -- Segunda etapa: Inicios del Concilio de las Asambleas de Dios de Colombia: 1955-1969. -- Tercera etapa: Definición y enculturación de las Asambleas de Dios de Colombia:1970-1979. -- Cuarta etapa: Expansión de las Asambleas de Dios de Colombia: 1980-1992. -- Los valores fundamentales de las Asambleas de Dios de Colombia frente a las influencias del postmodernismo.
520 _aPara apreciar los invaluables fundamentos de nuestra fe y la solidez de los principios bíblicos que cimentaron el movimiento pentecostal de las Asambleas de Dios.
563 _aPasta dura
610 0 _aConcilio de las Asambleas de Dios en Colombia,
_xHistoria
_zColombia.
650 0 _9153
_aHistoria de la Iglesia
700 _96024
_aNavarro de Guzmán, Gilda,
_eeditor
942 _cBK
945 _aAEM-53
999 _c67111
_d67111